000 003340000a22001450004500
020 _a970-718-209-1
082 0 4 _aB Ei68s
110 1 _aBaby Einstein
245 1 0 _aEl Safari aƩreo de Jane / Julie Aigner Clark
300 _a[ 12 P. ]
500 _aLibro con solapas
650 1 4 _aLiteratura Infantil
001 1230
942 _cLGB
999 _c48401
_d48401